000 00302nam a2200133Ia 4500
005 20251222155042.0
008 251222s9999||||xx |||||||||||||| ||spa||
082 _aEBA. 13
100 _aCALERA, Ana María,
245 0 _aAtlas de Enfermería
250 _a16va. ed.
264 _bJover
942 _cLIB
999 _c36965
_d36965